000 00748nam a22002175i 4500
001 155546
003 ES-MaACL
005 20260616130212.0
008 040726q18411900fr |||| | fre d
040 _aCAM
_bspa
_cCAM
100 0 _aHomero
_964112
240 1 0 _aIliada.
_lFrancés
245 1 2 _a[L'Iliade /
_cHomere].
260 _a[S.l. :
_bs.n.,
_cs.a.] (
_ePoitiers :
_fImp. de F.-A. Saurin)
300 _a552 p. ;
_c18 cm.
505 8 _a"Vie d'Homère attribuée a Hérodote, traduction de Larcher" pp. 11-27
596 _aImp. tomado de colofón.
596 _aPrelim. fechados en 1841 y firmados por Henry Triano.
852 _aES-MaACL
_jD-3153
_z-- Enc. hol.
_z-- Legado de M. de la Fuente
_q-- Falto de la port.
999 _c155546
_d155546